Responses for Show #6331 - Monday, March 12, 2012

Contestants

[<< previous game]

Reid Rodgers, a locomotive mechanic from North Platte, Nebraska

Richard Elepano, a pediatrician from New York, New York

Jessamine Price, a graduate student in creative writing from Greenbelt, Maryland (whose 2-day cash winnings total $19,202)

[next game >>]

Jeopardy! Round responses

YOUR BIRTHDAY HOROSCOPE
PRESIDENTIAL ARTIFACTS
"U" TUBE
THE SPORTING LIFE
U.S. COMMUNITIES
TONGUE, TWISTED
(Alex: Each correct response will be a word that can be made from the letters in "tongues", so it'll be a shorter word.)
    $200 16
Scorpio

Jessamine
    $200 1
FDR

Richard
    $200 21
the Underground

Jessamine
    $200 2
(Ultimate) Frisbee

Richard
    $200 8
Dallas

Reid
    $200 22
a gun

Richard
    $400 17
Aries

Reid
    $400 4
"The buck stops here"

Richard
    $400 27
USPS

Richard
    $400 3
(Reid: What is Wimbleton?)
[Originally ruled correct; reversed before Daily Double at clue 6]

Wimbledon

Reid
Triple Stumper
    $400 9
San Jose

Jessamine
    $400 23
(Alex: With less than a minute to go, you're right.)

tug

Richard
    $600 18
Libra

Reid
    $600 5
the Red Army

Reid
    $600 28
Ultra Brite

Reid
    $600 13
Jackie Joyner-Kersee

Reid
    $600 10
Park

Reid
    $600 24
ego

Richard
    $800 19
Sagittarius

Jessamine
    $1,000 6
the Camp David Accords

Reid
    $800 29
a UFO

Jessamine
    $800 14
Ryan Braun

Reid
    $800 11
New Orleans

Jessamine
    $800 25
gout

Richard
    $1000 20
Virgo

Richard
    $1000 7
Clinton

Jessamine
    $1000 30
uterine tubes

Richard
    $1000 15
the NBA

Reid
    $1000 12
Southie

Reid
    $1000 26
Eton

Reid

Scores at the first commercial break (after clue 14):

Jessamine Richard Reid
$2,200 $800 $4,400

Scores at the end of the Jeopardy! Round:

Jessamine Richard Reid
$4,200 $5,200 $8,000

Double Jeopardy! Round responses

ZOOLOGY
FBI TV
HERR BANDS
BRITISH DRAMA CHARACTER NAMES
WE LOVE YOU, CONRAD
"O.S." WE DO
    $400 4
a leaf insect

Triple Stumper
    $400 3
The X-Files

Reid
    $400 5
fraternities

Reid
    $400 1
(Reid: What's a barber?)

the doctor

Reid
Triple Stumper
    $400 6
Hilton

Jessamine
    $400 14
opening statements

Richard
    $800 7
a porcupine

Richard
    $800 8
Criminal Minds

Triple Stumper
    $800 2
Fop

Reid
    $800 12
Holy Roman Emperor

Triple Stumper
    $800 15
original sin

Reid
    $1200 9
Twin Peaks

Richard
    $1200 21
Scandal

Jessamine
    $1,200 13
(Richard: Uh, what is, uh... Apollo 11?)

Apollo 12

Richard
    $1200 16
(Reid: Uh...)

the Ocean State

Reid
Triple Stumper
    $1600 25
[The end-of-round signal sounds.]

gills

Richard
    $1600 10
Bones

Richard
    $1600 22
Mr. Horner

Triple Stumper
    $1600 20
(Alex: Yes, with a minute to go.)

Joseph Conrad

Jessamine
    $1600 17
old style

Triple Stumper
    $2000 24
a frog

Jessamine
    $2000 11
Without a Trace

Richard
    $2000 23
Valentine

Triple Stumper
    $2000 19
Conrad Black

Triple Stumper
    $2000 18
the Okefenokee Swamp

Reid

Scores at the end of the Double Jeopardy! Round:

Jessamine Richard Reid
$9,400 $11,600 $10,800

[wagering suggestions for these scores]

Final Jeopardy! Round responses

PEOPLE OF EUROPE
JessamineWho are the Basques?
$1,799
ReidWho are the Hibernians
$9,000
RichardWho were Basque?
$10,001
the Iberians

Final scores:

Jessamine Richard Reid
$7,601 $1,599 $1,800
3-day champion: $26,803 3rd place: $1,000 2nd place: $2,000

Game dynamics:

Coryat scores:

Jessamine Richard Reid
$9,400 $12,800 $10,600
11 R,
0 W
16 R,
1 W
(including 1 DD)
17 R
(including 1 DD),
3 W

Combined Coryat: $32,800

[game clues] [game scores] [suggest correction]

Game tape date: 2011-11-30
The J! Archive is created by fans, for fans. Scraping, republication, monetization, and malicious use prohibited; this site may use cookies and collect identifying information. See terms. The Jeopardy! game show and all elements thereof, including but not limited to copyright and trademark thereto, are the property of Jeopardy Productions, Inc. and are protected under law. This website is not affiliated with, sponsored by, or operated by Jeopardy Productions, Inc. Join the discussion at JBoard.tv.